WNBA MVPs - Statistics

General Stats
  • This quiz has been taken 43 times
    10 since last reset
  • The average score is 21 of 29
Answer Stats
Year Player % Correct
2025 A'ja Wilson
100%
2024 A'ja Wilson
100%
2022 A'ja Wilson
100%
2020 A'ja Wilson
100%
2023 Breanna Stewart
88%
2018 Breanna Stewart
88%
2013 Candace Parker
88%
2008 Candace Parker
88%
2009 Diana Taurasi
88%
2021 Jonquel Jones
75%
2006 Lisa Leslie
75%
2004 Lisa Leslie
75%
2001 Lisa Leslie
75%
2014 Maya Moore
75%
2005 Sheryl Swoopes
75%
2002 Sheryl Swoopes
75%
2000 Sheryl Swoopes
75%
2012 Tina Charles
75%
1998 Cynthia Cooper
63%
1997 Cynthia Cooper
63%
2019 Elena Delle Donne
63%
2015 Elena Delle Donne
63%
2011 Tamika Catchings
63%
2010 Lauren Jackson
50%
2007 Lauren Jackson
50%
2003 Lauren Jackson
50%
2016 Nneka Ogwumike
38%
2017 Sylvia Fowles
38%
1999 Yolanda Griffith
13%
No matching quizzes found
Score Distribution
Percent of People with Each Score
Percentile by Number Answered
Your Score History
You have not taken this quiz since the last reset